00449nam a2200121Ia 4500008004100000100002000041245008900061245006500150260000900215300003600224440004900260650001800309171207s9999 xx 000 0 und d aTeti, Michelle. a Portraits of Well-Being: Photography as a Mental Health Support for Women With HIV  cMichelle Teti, Bryana French, Allison Kabel & Rose Farnan  c2017 apages 48-61, January-March 2017 aJournal of Creativity in Mental Healthv12:1 aMENTAL HEALTH